| 000 | 01152cam a22003612 4500 | ||
|---|---|---|---|
| 999 |
_c60958 _d60958 |
||
| 001 | 1125197420 | ||
| 003 | DE-627 | ||
| 005 | 20201116105035.0 | ||
| 007 | tu | ||
| 008 | 961030s1922 xx ||||| 00| ||ger c | ||
| 035 | _a(DE-627)1125197420 | ||
| 035 | _a(DE-576)055197426 | ||
| 035 | _a(DE-599)BSZ055197426 | ||
| 035 | _a(OCoLC)230700990 | ||
| 035 | _a(DE-604)8033252238 | ||
| 040 |
_aDE-627 _bger _cDE-627 _erakwb _dSTAFF |
||
| 041 | _ager | ||
| 084 |
_aLH 65010 _2rvk _0(DE-625)rvk/94518: |
||
| 084 |
_aLO 87142 _2rvk _0(DE-625)rvk/104853: |
||
| 084 |
_aLO 88900 _2rvk |
||
| 100 | 1 |
_aGlaser, Curt _d1879-1943 _0(DE-588)118942271 _0(DE-627)079720331 _0(DE-576)210469595 _4aut |
|
| 245 | 1 | 4 |
_aDie Kunst Ostasiens _bder Umkreis ihres Denkens und Gestaltens |
| 250 | _a6. - 9. Tsd. | ||
| 264 | 1 |
_aLeipzig _bInsel _c1922 |
|
| 300 |
_aVIII, 206 S. _bIll. |
||
| 336 |
_aText _btxt _2rdacontent |
||
| 337 |
_aohne Hilfsmittel zu benutzen _bn _2rdamedia |
||
| 338 |
_aBand _bnc _2rdacarrier |
||
| 951 | _aBO | ||
| 856 | 4 | 2 |
_uhttp://d-nb.info/573473161/04 _mB:DE-101 _qapplication/pdf _3Inhaltsverzeichnis |
| 942 |
_2z _cBK |
||